| 000 | 00475ntaaa2200169 4500 | ||
|---|---|---|---|
| 003 | 01 | ||
| 005 | 20251027203141.0 | ||
| 008 | 0714s1973 ag 01 | ||
| 040 |
_aAR-BaBN _bspa _cAR-BaBN _eaacr _dRIC |
||
| 082 | _a922.6 M77h | ||
| 100 |
_aVartanian, Jacobo _916813 |
||
| 245 |
_aUn hombre enteramente consagrado / _cJacobo Vartanian |
||
| 250 | _a2 ed. | ||
| 260 |
_aBuenos Aires : _bJunta Bautista de Publicaciones, _c1962 |
||
| 490 |
_aLecturas juveniles ; _v7 |
||
| 942 | _cBK | ||
| 999 |
_c26949 _d26949 |
||